Esoterický Egypt : [průvodce po posvátných místech]. II, Údolí Nilu, Sinaj, pouštní oázy /

Hlavní autor: West, John Anthony
Další autoři: Kozák, Jaromír, 1962-
Jazyk: Čeština
Vydáno: Praha : Eminent, c2006
Témata:
Fyzický popis: 456 s. : il., mapy, plány ; 22 cm
Knihy
Uloženo v:
LEADER 01895nam a2200517 a 4500
001 nkc20061649490
003 CZ PrNK
005 20090727161253.0
007 ta
008 060331s2006 xr abe e f 001 0 cze
015 |a cnb001649490 
020 |a 80-7281-217-3  |q (váz.) 
035 |a (OCoLC)85720716 
040 |a ABA001  |b cze 
041 1 |a cze  |h eng 
043 |a f-ua--- 
072 7 |a 94(3)  |x Dějiny zemí starověkého světa  |2 Konspekt  |9 8 
080 |a 251  |2 MRF 
080 |a 2-522  |2 MRF 
080 |a 133  |2 MRF 
080 |a 94(32)  |2 MRF 
080 |a (036)  |2 MRF 
100 1 |a West, John Anthony  |7 pna2005281053  |4 aut 
245 1 0 |a Esoterický Egypt :  |b [průvodce po posvátných místech].  |n II,  |p Údolí Nilu, Sinaj, pouštní oázy /  |c John Anthony West ; přeložil, doplnil a poznámkami opatřil Jaromír Kozák 
246 3 0 |a Údolí Nilu, Sinaj, pouštní oázy 
260 |a Praha :  |b Eminent,  |c c2006 
300 |a 456 s. :  |b il., mapy, plány ;  |c 22 cm 
500 |a Přeloženo z angličtiny 
504 |a Obsahuje bibliografické odkazy a rejstřík 
650 0 7 |a egyptská mytologie  |7 ph119782  |2 czenas 
650 0 7 |a posvátná místa  |7 ph115829  |z starověký Egypt  |2 czenas 
650 0 7 |a esoterismus  |7 ph114484  |z starověký Egypt  |2 czenas 
650 0 9 |a Egyptian mythology  |2 eczenas 
650 0 9 |a sacred space  |z Egypt  |2 eczenas 
650 0 9 |a esoterism  |z Egypt  |2 eczenas 
651 7 |a starověký Egypt  |7 ge146585  |x dějiny  |2 czenas 
651 9 |a Egypt  |x history  |2 eczenas 
655 7 |a průvodce  |7 fd133154  |2 czenas 
655 9 |a guidebooks  |2 eczenas 
700 1 |a Kozák, Jaromír,  |d 1962-  |7 xx0000145  |4 ctb  |4 trl 
765 0 |t Traveller's key to ancient Egypt  |9 Česky 
910 2 |a BOA001  |b 2-1177.026,2 
990 |a BK 
995 |a 01 
991 |b 200612  |c NOV 
996 6 |b 2610294484  |c 2-1177.026,2  |l MZK  |r Sklad / do 1 hodiny  |n 1  |p p.v.  |w 000832949  |u 000010  |a 1  |e BOA001  |j MZK50  |s P